La cibernética /

Panorama global de la cibernética, ciencia de los mecanismos de control, de las comunicaciones en los seres vivos y en las máquinas. Se aborda su desarrollo histórico, las llamadas neurociencias, la robótica, la inteligencia artificial y las computadoras.

Gespeichert in:
Bibliographische Detailangaben
1. Verfasser: Chimal, Carlos (autor)
Format: Buch
Sprache:Spanisch
Veröffentlicht: México : CONACULTA, 1999, c1999
Schriftenreihe:(Tercer Milenio)
Schlagworte:
Tags: Tag hinzufügen
Keine Tags, Fügen Sie das erste Tag hinzu!

MARC

LEADER 00000nam^a2200000^a^4500
001 000129881
005 20250521000000.0
009 20260310094927.502
020 |a 970-18-3384-8 
037 |a Acervo ITESO - Biblioteca 
041 |a ESP 
082 |a 121. 95  |b CHI 
100 |a Chimal, Carlos  |e (autor) 
245 1 3 |a La cibernética /  |c C. Chimal. 
264 4 |a México :  |b CONACULTA,  |c 1999, c1999 
300 |a 63 p. 
336 |a texto  |b txt  |2 rdacontenido 
337 |a sin mediación  |b n  |2 rdamedio 
338 |a volumen  |b nc  |2 rdasoporte 
440 1 |a (Tercer Milenio) 
520 |a Panorama global de la cibernética, ciencia de los mecanismos de control, de las comunicaciones en los seres vivos y en las máquinas. Se aborda su desarrollo histórico, las llamadas neurociencias, la robótica, la inteligencia artificial y las computadoras. 
545 0 |a Carlos Chimal (Ciudad de México, 1954), escritor y divulgador científico. Cursa un año de estudios universitarios en Química antes de optar por la Licenciatura en Letras Hispánicas (1973-76), ambas en la UNAM. Publica en coautoría el volumen de cuentos Zepelín compartido (1975) y ya individualmente, Una bomba para Doménica (1978), Cuatro bocetos (1983), Cinco del águila (1990) y El último año del estero (2002), a los que se suma Las entrañas de la materia: antología de relatos científicos (1998). Entre sus novelas se cuentan Escaramuza (1987), Lengua de pájaros (2000), El viajero científico (2004), En busca de Argelia (2009), Creaturas del fuego (2013) y El mercurio volante (2018). Nueve días en la vida de Antón Muñón (2004) y Mi vida con las estrellas (2015) son sendas incursiones en la literatura juvenil. Chimal ha creado encuentros entre la narrativa y la ciencia en diversas ocasiones, aunque ha sido el ensayo su género más recurrido para la divulgación científica: La escalera del universo (1996), Mario Molina y la carrera por el ozono (1998), La cibernética (1999), Luz interior: conversaciones sobre ciencia y literatura (2000), Armonía y saber: en busca de una idea estética de la ciencia (2004), Nubes en el cielo mexicano: Mario Molina, pionero del ambientalismo (2004), Cazadores en el horizonte (2005), Los brazos de Venus: arte, ciencia y tecnología a través del tiempo (2009), Futurama: literatura y ciencia a través del tiempo (2012), Tras las huellas de la ciencia: un acercamiento universal (2015) y Fábrica de colores: la vida del inventor Guillermo González Camarena (2017) figuran en esta nutrida vertiente. Una excepción en su ensayística es Crines: lecturas de rock (1987). Ha colaborado en publicaciones como El Cuento, Excélsior, La Gaceta del FCE, Nexos y Vuelta, además de ser uno de los fundadores de Ciencia y Perspectiva, del Centro de Investigación y Estudios Avanzados del IPN. 
649 |a XX 
650 |a Redes Neurales 
650 |a Inteligencia Artificial 
650 |a Cibernética -  |x Generalidades -  |x Tema Principal 
650 |a Robótica 
650 |a Ingeniería Computacional 
910 |a Fondo General 
920 |a Impresos - Libros 
930 |a Colección General 
905 |a 101 
901 |a 0500059904  |b IT1  |c ACC  |u 20250521 
902 |a https://opac.biblio.iteso.mx/vufind/Record/000129881